<?xml version="1.0" encoding="UTF-8"?><?xml-stylesheet type="text/xsl" href="static/style.xsl"?><OAI-PMH xmlns="http://www.openarchives.org/OAI/2.0/" xmlns:xsi="http://www.w3.org/2001/XMLSchema-instance" xsi:schemaLocation="http://www.openarchives.org/OAI/2.0/ http://www.openarchives.org/OAI/2.0/OAI-PMH.xsd"><responseDate>2026-04-27T12:34:01Z</responseDate><request verb="GetRecord" identifier="oai:uvadoc.uva.es:10324/2432" metadataPrefix="marc">https://uvadoc.uva.es/oai/request</request><GetRecord><record><header><identifier>oai:uvadoc.uva.es:10324/2432</identifier><datestamp>2024-05-27T12:41:29Z</datestamp><setSpec>com_10324_1175</setSpec><setSpec>com_10324_931</setSpec><setSpec>com_10324_894</setSpec><setSpec>col_10324_1355</setSpec></header><metadata><record xmlns="http://www.loc.gov/MARC21/slim" xmlns:doc="http://www.lyncode.com/xoai" xmlns:xsi="http://www.w3.org/2001/XMLSchema-instance" xmlns:dcterms="http://purl.org/dc/terms/" xsi:schemaLocation="http://www.loc.gov/MARC21/slim http://www.loc.gov/standards/marcxml/schema/MARC21slim.xsd">
<leader>00925njm 22002777a 4500</leader>
<datafield tag="042" ind1=" " ind2=" ">
<subfield code="a">dc</subfield>
</datafield>
<datafield tag="720" ind1=" " ind2=" ">
<subfield code="a">Blasco Pascual, Francisco Javier</subfield>
<subfield code="e">author</subfield>
</datafield>
<datafield tag="260" ind1=" " ind2=" ">
<subfield code="c">2005</subfield>
</datafield>
<datafield tag="520" ind1=" " ind2=" ">
<subfield code="a">Intento de precisar algunos datos sobre el retrato robot de la persona que se esconde bajo el nombre de Alonso Fernández de Avellaneda, en el Quijote apócrifo. Técnicas de atribución basadas en el análisis de la lengua de la obra</subfield>
</datafield>
<datafield tag="024" ind2=" " ind1="8">
<subfield code="a">Insula, abril 2005, 700-701</subfield>
</datafield>
<datafield tag="024" ind2=" " ind1="8">
<subfield code="a">0020-4536</subfield>
</datafield>
<datafield tag="024" ind2=" " ind1="8">
<subfield code="a">http://uvadoc.uva.es/handle/10324/2432</subfield>
</datafield>
<datafield tag="024" ind2=" " ind1="8">
<subfield code="a">700-701</subfield>
</datafield>
<datafield ind1=" " ind2=" " tag="653">
<subfield code="a">Fernández de Avellaneda, Alonso. Segundo tomo del ingenioso hidalgo don Quijote de la Mancha-Lengua</subfield>
</datafield>
<datafield ind1=" " ind2=" " tag="653">
<subfield code="a">Lingüística forense</subfield>
</datafield>
<datafield tag="245" ind1="0" ind2="0">
<subfield code="a">Avellaneda: Secular enigma cevantino</subfield>
</datafield>
</record></metadata></record></GetRecord></OAI-PMH>